Voitures françaises - Statistiques

Statistiques générales
  • Ce quiz a été pris 103 fois
  • Le résultat moyen est 8 sur 16
Statistiques - réponses
Par images Réponse % Correct
Renault Twingo 1
81%
Citroën DS
80%
Renault 4L
80%
Citroën C3
74%
Alpine A110
68%
Peugeot 205 GTI
68%
Peugeot 308
66%
Renault Mégane RS
66%
Renault Clio Williams
53%
Peugeot 405 T16
52%
Peugeot 406 Coupé
48%
Renault Avantime
48%
Citroën SM
37%
Matra Murena
14%
Bugatti brouillard
10%
Venturi Atlantique 300
2%
Aucun quiz correspondant
Distribution des résultats
% des personnes avec chaque résultat
Percentile par nombre de réponses
Votre historique - résultats
Vous n’avez pas pris ce quiz